Capitalismo, aparatos de Estado y violencias : sobre la crítica de Karl Marx de la economía política /

Detalles Bibliográficos
Autor principal: Fajardo Carrillo, Christian Julián (Autor)
Formato: Electrónico eBook
Lenguaje:español
Publicado: Bogotá, D.C. : Editorial Pontificia Universidad Javeriana, [2023]
Edición:Primera edición.
Materias:
Acceso en línea:Digitalia Hispánica

MARC

LEADER 00000nam a2200000 i 4500
001 DIGEPUJ0427
003 NyNyDIG
007 cr |||||||||||
008 240112s2023 ck ob 000 0 spa d
006 m o d
035 |a (OCoLC)1415896493 
040 |a DGITA  |b eng  |e rda  |e pn  |c DGITA 
020 |a 9789587818079  |q (digital) 
020 |z 9789587818062  |q (impreso) 
024 7 |a 10.11144/Javeriana.9789587818079  |2 doi 
050 1 4 |a HB501 ebook 
100 1 |a Fajardo Carrillo, Christian Julián,  |e author. 
245 1 0 |a Capitalismo, aparatos de Estado y violencias :  |b sobre la crítica de Karl Marx de la economía política /  |c Christian Fajardo. 
250 |a Primera edición. 
264 1 |a Bogotá, D.C. :  |b Editorial Pontificia Universidad Javeriana,  |c [2023] 
300 |a 1 online resource. 
336 |a text  |b txt  |2 rdacontent 
337 |a computer  |b c  |2 rdamedia 
338 |a online resource  |b cr  |2 rdacarrier 
347 |a text file  |2 rdaft 
347 |b EPUB 
504 |a Includes bibliographical references. 
588 0 |a Online resource; title from ePub title page (Digitalia, viewed January 12, 2024) 
650 0 |a Capitalism. 
600 1 0 |a Marx, Karl,  |d 1818-1883  |x Criticism and interpretation. 
791 2 |a Digitalia (Firm),  |e distributor. 
793 0 |g Digitalia eBook Collection:  |a Pontificia Universidad Javeriana 
776 0 8 |i Print version:  |a Fajardo Carrillo, Christian Julián.  |t Capitalismo, aparatos de Estado y violencias.  |b Primera edición.  |d Bogotá, D.C. : Editorial Pontificia Universidad Javeriana, [2023]  |z 9789587818062 
856 4 0 |3 Digitalia Hispánica  |u https://www.digitaliapublishing.com/a/133207/ 
910 |a Premium collection: 2024